| 000 | 01060cam a22003133a 4500 | ||
|---|---|---|---|
| 001 | |||
| 003 | DO-SdBNP | ||
| 005 | 20230221092632.0 | ||
| 007 | |||
| 008 | 861112 2012 dr a 000 0 spa d | ||
| 010 | _a | ||
| 020 | _a9789945885002 | ||
| 040 |
_aBPMSU _cspa _dBPMSU _d |
||
| 082 | 4 |
_aRD867.44 _bC764m 2012 _222 |
|
| 100 | 1 | _aContreras, Brunilda | |
| 245 | 1 | 3 |
_a La madre de los tomates : _bun libro de colmos / _c Brunilda Contreras; edición Lucía Amelia Cabral; ilustraciones Patricia Garrido ; sinopsis Rafael Peralta Romero |
| 260 |
_aSanto Domingo : _bEdiciones Infantiles Dominicanas _c2012 |
||
| 300 |
_a[284] p. : _bil. ; _c20 cm. |
||
| 521 | _aA partir de 6 años. | ||
| 590 | _6Inventariado, 2023/VM | ||
| 650 | 4 | _aHumorismo | |
| 650 | 4 | _a Colmos, chistes infantiles | |
| 650 | 4 | _a Literatura intantil | |
| 700 | 1 |
_a Cabral, Lucía Amelia _e ed. |
|
| 700 | 1 | _a ilustraciones Patricia Garrido ; sinopsis Rafael Peralta Romero | |
| 700 | 1 |
_aGarrido,Patricia _eil. |
|
| 910 | _aVMateo V. Control de calidad | ||
| 942 |
_2ddc _cBK |
||
| 999 |
_c14361 _d14361 |
||